[Event "Mondiale Lampo FIDE 2019"]
[Site "Mosca"]
[Date "29.12.2019"]
[Round "12.91"]
[White "Blohberger, Felix"]
[Black "Sek, Konstantin"]
[Result "0-1"]
[WhiteTitle "IM"]
[WhiteElo "2434"]
[BlackElo "2446"]
[WhiteFideId "1632051"]
[BlackFideId "24104302"]
[EventDate "2019.12.29"]

1. c4 c5 2. Nf3 Nf6 3. Nc3 Nc6 4. d4 cxd4 5. Nxd4 e6 6. Bf4 d6 7. Ndb5 e5 8. Bg5
a6 9. Na3 Be6 10. g3 Rc8 11. Bg2 Be7 12. O-O O-O 13. Qd2 h6 14. Bxf6 Bxf6 15.
Rfd1 Qb6 16. Nd5 Bxd5 17. Bxd5 Ne7 18. Bg2 Rfd8 19. Rac1 e4 20. b3 e3 21. Qxe3
Qxe3 22. fxe3 Bb2 23. Nb1 Bxc1 24. Rxc1 d5 25. Kf2 dxc4 26. Bxb7 Rb8 27. Bxa6
cxb3 28. axb3 Rxb3 29. Bd3 Rb2 30. Rd1 Rxd3 31. Rxd3 Rxb1 32. Rd8+ Kh7 33. Rd7
Nc6 34. Rxf7 Ne5 35. Rf4 Rb2 36. Re4 Nd3+ 37. Kf3 Nc1 38. Rc4 Nxe2 39. h4 Ng1+
40. Kg4 Rg2 41. Rc7 Rf2 42. h5 Nf3 43. Re7 Ng5 44. Re8 Re2 45. Re5 Kg8 46. Kf4
Rf2+ 47. Kg4 Kf7 48. Ra5 Ne6 49. Ra7+ Kf6 50. Ra5 Re2 51. Rf5+ Ke7 52. Kf3 Re1
53. Kf2 Rb1 54. Kf3 Rb3 55. Ra5 Kf6 56. Ra6 Rb5 57. Kg4 Re5 58. Ra3 Rg5+ 59. Kh4
Rc5 60. Kg4 Rc4+ 61. Kf3 Ng5+ 62. Ke2 Rc2+ 63. Kd3 Rg2 64. Ra6+ Ne6 65. Ke4 Rxg3
66. Rb6 Rg5 67. Kf3 Rxh5 68. e4 Re5 69. Rb8 h5 70. Rh8 Ng5+ 71. Kg3 Kg6 72. Ra8
Rxe4 73. Ra6+ Re6 74. Ra5 Ne4+ 75. Kf4 Nf6 76. Rg5+ Kh6 77. Rg1 Re4+ 78. Kf5 Ra4
79. Rg6+ Kh7 80. Rg1 Ra5+ 81. Kf4 h4 82. Rg2 g5+ 83. Ke3 Rf5 84. Rg1 h3 85. Rg3
g4 86. Rg1 h2 87. Rc1 Kg6 88. Kd4 g3 89. Rc3 Rg5 90. Kc4 h1=Q 91. Kb4 Qb7+ 92.
Ka3 Ra5# 0-1

[Event "Mondiale Lampo FIDE 2019"]
[Site "Mosca"]
[Date "29.12.2019"]
[Round "12.92"]
[White "Gurvich, Vitaly"]
[Black "Mozharov, Mikhail"]
[Result "1/2-1/2"]
[WhiteTitle "FM"]
[BlackTitle "GM"]
[WhiteElo "2230"]
[BlackElo "2558"]
[WhiteFideId "24164852"]
[BlackFideId "4189825"]
[EventDate "2019.12.29"]

1. d4 Nf6 2. c4 e6 3. Nf3 d5 4. g3 Bb4+ 5. Bd2 Bd6 6. Bg2 c6 7. O-O Nbd7 8. Qc2
O-O 9. Bg5 h6 10. Bxf6 Nxf6 11. Nbd2 Be7 12. e4 b6 13. e5 Nd7 14. cxd5 cxd5 15.
Rfc1 Bb7 16. Qd3 Nb8 17. h4 Nc6 18. a3 Rc8 19. b4 Qd7 20. Bh3 Nb8 21. Bf1 Bc6
22. Nh2 Ba4 23. Ng4 Rxc1 24. Rxc1 Rc8 25. Rxc8+ Qxc8 26. Qe3 Bf8 27. Bd3 a5 28.
bxa5 bxa5 29. Nf1 Qd8 30. Bb1 Bb5 31. Qb3 Bxf1 32. Kxf1 Nd7 33. h5 Qg5 34. Qd3
Bxa3 35. Qh7+ Kf8 36. Ne3 Qxh5 37. Kg2 Bc1 38. Qh8+ Ke7 39. Nf1 Qg5 40. Qc8 Qg4
41. Qxc1 Qxd4 42. f4 a4 43. Qa3+ Kd8 44. Bc2 g5 45. Qxa4 Qc3 46. Bd1 Qe1 47. Bf3
Qc1 48. Qa8+ Ke7 49. Qh8 gxf4 50. Qxh6 Qb2+ 51. Kg1 fxg3 52. Qg5+ Ke8 53. Qg8+
Ke7 54. Qg5+ Kf8 55. Qd8+ Kg7 56. Qg5+ 1/2-1/2

[Event "Mondiale Lampo FIDE 2019"]
[Site "Mosca"]
[Date "29.12.2019"]
[Round "12.93"]
[White "Belousov, Danila"]
[Black "Galkin, Alexander"]
[Result "0-1"]
[WhiteTitle "FM"]
[BlackTitle "GM"]
[WhiteElo "2274"]
[BlackElo "2611"]
[WhiteFideId "4167350"]
[BlackFideId "4120426"]
[EventDate "2019.12.29"]

1. e4 c6 2. d4 d5 3. e5 Bf5 4. h4 h5 5. c4 e6 6. Nc3 Be7 7. Nf3 Bg4 8. Be2 Nh6
9. g3 Nf5 10. Ng5 dxc4 11. Bxg4 hxg4 12. Ne2 Bxg5 13. Bxg5 Qxg5 0-1

[Event "Mondiale Lampo FIDE 2019"]
[Site "Mosca"]
[Date "29.12.2019"]
[Round "12.94"]
[White "Rozum, Ivan"]
[Black "Makoveev, Ilya"]
[Result "0-1"]
[WhiteTitle "GM"]
[BlackTitle "FM"]
[WhiteElo "2573"]
[BlackElo "2277"]
[WhiteFideId "24104272"]
[BlackFideId "34155748"]
[EventDate "2019.12.29"]

1. Nf3 Nf6 2. g3 g6 3. b3 Bg7 4. Bb2 O-O 5. Bg2 b6 6. O-O Bb7 7. d4 d5 8. c4
Nbd7 9. Nc3 e6 10. e3 c5 11. Qe2 Rc8 12. Rfd1 Qe7 13. Rac1 Rfd8 14. Ne5 Nxe5 15.
dxe5 Ne4 16. Nxe4 dxe4 17. Qc2 Rxd1+ 18. Rxd1 Rd8 19. Rxd8+ Qxd8 20. Kf1 h5 21.
Ke2 Qd3+ 22. Qxd3 exd3+ 23. Kxd3 Bxg2 24. h4 Kf8 25. f4 Bf1+ 26. Kc2 Ke7 27. a4
f6 28. exf6+ Bxf6 29. Bxf6+ Kxf6 30. e4 Bg2 31. Kd3 Bf3 0-1

[Event "Mondiale Lampo FIDE 2019"]
[Site "Mosca"]
[Date "29.12.2019"]
[Round "12.95"]
[White "Mamatov, Melis"]
[Black "Triapishko, Alexandr"]
[Result "0-1"]
[BlackTitle "IM"]
[WhiteElo "2292"]
[BlackElo "2502"]
[WhiteFideId "13800027"]
[BlackFideId "14122286"]
[EventDate "2019.12.29"]

1. c4 e5 2. e3 Nf6 3. a3 g6 4. b4 Bg7 5. Bb2 d6 6. Be2 O-O 7. Nc3 Re8 8. Nf3 c5
9. d4 cxd4 10. exd4 e4 11. Nd2 Nc6 12. Nf1 h5 13. Ne3 Ng4 14. Bxg4 Bxg4 15. Nxg4
hxg4 16. Nd5 f5 17. h3 g3 18. fxg3 Qg5 19. O-O e3 20. Qd3 Re4 21. Rf4 Rae8 22.
Kh2 Nxd4 23. Bxd4 Bxd4 24. Re1 Be5 25. h4 Qh6 0-1

[Event "Mondiale Lampo FIDE 2019"]
[Site "Mosca"]
[Date "29.12.2019"]
[Round "12.96"]
[White "Faizrakhmanov, Ramil"]
[Black "Makarian, Rudik"]
[Result "1-0"]
[WhiteTitle "IM"]
[BlackTitle "IM"]
[WhiteElo "2434"]
[BlackElo "2397"]
[WhiteFideId "24103209"]
[BlackFideId "44105681"]
[EventDate "2019.12.29"]

1. d4 Nf6 2. c4 g6 3. Nc3 Bg7 4. e4 O-O 5. Nf3 d6 6. h3 e5 7. d5 Na6 8. Be3 Nh5
9. a3 f5 10. b4 Nf6 11. Bd3 f4 12. Bd2 c5 13. Rb1 b6 14. Qc2 h6 15. Na4 Bd7 16.
Nc3 g5 17. Nb5 Qe7 18. Bc3 Rfc8 19. Qb2 Ne8 20. Nd2 h5 21. Nb3 g4 22. hxg4 hxg4
23. Bd2 Bxb5 24. cxb5 c4 25. bxa6 cxd3 26. Nc1 Rc4 27. Nxd3 Rxe4+ 28. Kf1 Rd4
29. Ne1 Qf7 30. Bc3 Rc4 31. Qd2 Rac8 32. Bb2 Nf6 33. Rd1 Rc2 34. Nxc2 Qg6 35.
Ne1 Qe8 36. Rc1 Qb5+ 37. Qd3 Qxd3+ 38. Nxd3 Rxc1+ 39. Nxc1 Nxd5 40. Ke2 Nc7 41.
Nb3 Nxa6 42. Rc1 Kf7 43. Rc8 Ke6 44. Ra8 Bf6 45. Rxa7 Nb8 46. a4 Nc6 47. Rb7
Nxb4 48. Rxb6 Nd5 49. Rb7 f3+ 50. gxf3 gxf3+ 51. Kf1 Nf4 52. a5 Bh4 53. a6 Nd3
54. Bc3 Bxf2 55. Nc1 Kd5 1-0

[Event "Mondiale Lampo FIDE 2019"]
[Site "Mosca"]
[Date "29.12.2019"]
[Round "12.97"]
[White "Tran, Tuan Minh"]
[Black "Tsvetkov, Andrey"]
[Result "1/2-1/2"]
[WhiteTitle "GM"]
[BlackTitle "FM"]
[WhiteElo "2529"]
[BlackElo "2350"]
[WhiteFideId "12401820"]
[BlackFideId "34139360"]
[EventDate "2019.12.29"]

1. c4 e6 2. d4 d5 3. Nc3 c6 4. Nf3 Nf6 5. Bg5 h6 6. Bxf6 Qxf6 7. e3 Nd7 8. Rc1
g6 9. Bd3 Bg7 10. O-O O-O 11. b4 dxc4 12. Bxc4 Qe7 13. a3 Rd8 14. Qc2 a5 15. Rb1
axb4 16. axb4 Nb6 17. Bb3 Nd5 18. b5 Nxc3 19. Qxc3 cxb5 20. Bc2 Bd7 21. Be4 Rac8
22. Qb3 Bc6 23. Nd2 Kh7 24. f4 Qd6 25. Rfd1 Ra8 26. Bxc6 bxc6 27. Ne4 Qd5 28.
Qd3 Ra4 29. Nc3 Qc4 30. Nxa4 Qxa4 31. Rbc1 b4 32. Qc4 Rb8 33. Qxc6 Qa3 34. Qe4
b3 35. Qd3 Qa2 36. Rb1 Qc2 37. Rd2 Qc7 38. Rdb2 Ra8 39. Rxb3 Ra2 40. Rc3 Qa7 41.
Rc2 Ra3 42. Rc3 Ra2 43. Rc2 Ra3 44. Rc3 Ra2 45. Rbc1 Qa8 46. R3c2 Ra3 47. Rc3
Ra2 48. R3c2 Ra3 49. Qe2 Qe4 50. Rc3 Rxc3 51. Rxc3 Bxd4 52. Rd3 Bg7 53. Rd1 Qb4
54. Qd2 Qc5 55. Qd3 h5 56. g3 Qb6 57. Kg2 Qc6+ 58. Kf2 Qb6 59. Rd2 Qc6 60. Rd1
Qb6 61. Qe2 Qc6 62. Re1 Qe4 63. Qf3 Qc2+ 64. Re2 Qc5 65. Kg2 Qc1 66. h3 Qd1 67.
Rf2 Qc1 68. Re2 Qd1 69. Rf2 Qc1 70. g4 hxg4 71. hxg4 Qc5 72. Kg3 Bf8 73. Rh2+
Kg8 74. Qe4 Qc3 75. Kf3 Qe1 76. Qd3 Qa5 77. Qd4 Bg7 78. Qd3 Qa8+ 79. Kg3 Qa5 80.
Qd2 Qb6 81. Qc1 Qb7 82. Qd2 Qb6 83. Qd3 Qc5 84. Qd8+ Bf8 85. Qd4 Qxd4 86. exd4
Bg7 87. Rd2 Kf8 88. Kf3 Ke7 89. d5 exd5 90. Rxd5 Ke6 91. Ra5 Bf8 92. Ra6+ Bd6
93. Rb6 Ke7 94. Rb7+ Ke6 95. Rb6 Ke7 96. Ke4 Ba3 97. Rb7+ Ke6 98. Rb6+ Ke7 99.
Ra6 Bb4 100. Rc6 Ba3 101. Rb6 Bc5 102. Rb5 Ba3 103. Kd5 Bc1 104. Rb7+ Kf8 105.
Ke5 Kg7 106. Ke4 Kf8 107. Rb3 Ke7 108. Rd3 Bb2 109. Rb3 Bc1 110. Rb7+ Ke6 111.
Rb6+ Ke7 112. Rc6 Bb2 113. Ra6 Bc3 114. Kd3 Bb2 115. Ke4 Bc3 116. Ra2 Ke6 117.
Rc2 Bb4 118. Rc4 Ba3 119. Rc3 Bb2 120. Re3 Ba1 121. Rb3 Ke7 122. f5 gxf5+ 123.
Kxf5 Bg7 124. Re3+ Kf8 125. Re2 Bc3 126. Rc2 Bd4 127. Rc4 Bb2 128. Rc7 Kg7 129.
g5 Kg8 130. Rd7 Bc3 131. Ra7 Bb2 132. Rb7 Bc3 133. Rc7 Bb2 134. Rc8+ Kg7 135.
Rc4 Kg8 136. Re4 Kg7 137. Re2 Bc3 138. Re7 Kg8 139. Rd7 Bb2 140. Rd5 Kg7 141.
Rd3 Kg8 142. Rh3 Kg7 143. Rh6 Bc3 144. Rd6 Bb2 145. Rd2 Bc3 146. Rc2 Bd4 147.
Rc1 Bb2 148. Rd1 Bc3 149. Rb1 Bd4 150. Rb3 Kg8 151. Rb1 Kg7 152. Rb3 Kg8 153.
Rb4 Bc3 154. Rb3 Bd4 155. Rb7 Bc3 156. Rc7 Bb2 157. Rc4 Kg7 158. Kg4 Be5 159.
Kh5 Bb2 160. Rc7 Kg8 161. Rd7 Bc3 162. Rd3 Bb2 163. Rb3 Bd4 164. Rd3 Bb2 165.
Rf3 Kg7 166. Rf1 Bc3 167. Rf5 Bb2 168. Rb5 Bc3 169. Rb3 Bd4 170. Rb7 Kg8 171.
Rb1 Kg7 172. Rb3 Kg8 173. Rd3 Bb2 174. Rd2 Bc3 175. Rf2 Kg7 176. Rf3 Bd4 177.
Kg4 Bb2 178. Kf5 Bd4 179. Rd3 Bb2 180. Rd7 Kg8 181. Rc7 Bd4 182. Rc4 Bb2 183.
Re4 Kg7 184. Re7 Kg8 185. Ke4 Kg7 186. Kf4 Bc3 187. Kf5 Kg8 188. Re3 1/2-1/2

[Event "Mondiale Lampo FIDE 2019"]
[Site "Mosca"]
[Date "29.12.2019"]
[Round "12.98"]
[White "Usov, Aleksandr E."]
[Black "Thing, Bibek"]
[Result "0-1"]
[BlackTitle "CM"]
[WhiteElo "2012"]
[BlackElo "2222"]
[WhiteFideId "24257109"]
[BlackFideId "12303135"]
[EventDate "2019.12.29"]

1. e4 c5 2. Nf3 d6 3. Bb5+ Bd7 4. Bxd7+ Qxd7 5. c4 e5 6. Nc3 Ne7 7. O-O g6 8. a3
a5 9. a4 Bg7 10. b3 O-O 11. Bb2 Nbc6 12. d3 f5 13. Nd5 Nxd5 14. exd5 Nd8 15. Re1
h6 16. Qc2 g5 17. Nd2 Kh8 18. Nb1 Qf7 19. Nc3 Qg6 20. Rad1 Nf7 21. Nb5 g4 22.
Nc7 Rac8 23. Ne6 Rg8 24. Nxg7 Rxg7 25. Kh1 h5 26. Qd2 h4 27. f4 gxf3 28. gxf3
Rcg8 29. Rg1 Qxg1+ 0-1

[Event "Mondiale Lampo FIDE 2019"]
[Site "Mosca"]
[Date "29.12.2019"]
[Round "12.99"]
[White "Miranda Neto, Jayme Amorim"]
[Black "Luukkonen, Tommi"]
[Result "0-1"]
[WhiteTitle "CM"]
[BlackTitle "FM"]
[WhiteElo "2102"]
[BlackElo "2290"]
[WhiteFideId "2115964"]
[BlackFideId "501808"]
[EventDate "2019.12.29"]

1. d4 Nf6 2. Nf3 c5 3. e3 g6 4. Be2 Bg7 5. O-O O-O 6. b3 cxd4 7. exd4 d5 8. Bb2
Nc6 9. Nbd2 Ne4 10. Nxe4 dxe4 11. Ne5 Qc7 12. Nxc6 bxc6 13. c4 Rd8 14. Qd2 e5
15. Qe3 exd4 16. Qxe4 d3 17. Bxg7 dxe2 18. Bf6 exf1=Q+ 19. Rxf1 Bf5 20. Qh4 h5
21. Qg5 Kh7 22. h3 Re8 23. g4 Bd3 24. Rd1 Be2 25. Rd4 Bf3 0-1

[Event "Mondiale Lampo FIDE 2019"]
[Site "Mosca"]
[Date "29.12.2019"]
[Round "12.100"]
[White "Al Thebaiti, Ahmed M"]
[Black "Guimaraes, Diogo Duarte"]
[Result "1/2-1/2"]
[WhiteTitle "CM"]
[BlackTitle "FM"]
[WhiteElo "1976"]
[BlackElo "2322"]
[WhiteFideId "21502390"]
[BlackFideId "2112450"]
[EventDate "2019.12.29"]

1. d4 d5 2. Bf4 Nf6 3. e3 e6 4. Nf3 Bd6 5. Bg3 O-O 6. Nbd2 c5 7. c3 Qc7 8. Ne5
Nc6 9. f4 Ne4 10. Nxe4 dxe4 11. Be2 cxd4 12. exd4 f6 13. Nxc6 bxc6 14. O-O f5
15. Bc4 Kh8 16. a4 a5 17. Qb3 Rb8 18. Qa2 g5 19. Bxe6 Bxe6 20. Qxe6 Rxb2 21.
Rab1 Rxb1 22. Rxb1 Bxf4 23. Rb6 Qxb6 24. Bxf4 Qb1+ 25. Kf2 Qc2+ 26. Kf1 gxf4 27.
Qe5+ Kg8 28. Qe6+ Rf7 29. Qe8+ Kg7 30. Qe5+ Rf6 31. Qe7+ Kg6 32. Qe8+ Kg5 33.
Qg8+ Rg6 34. h4+ Kg4 35. Qxh7 Qd1+ 36. Kf2 e3# 1/2-1/2

[Event "Mondiale Lampo FIDE 2019"]
[Site "Mosca"]
[Date "29.12.2019"]
[Round "12.101"]
[White "Al Nhier, Hamoud"]
[Black "Gutenev, Alexander"]
[Result "1-0"]
[WhiteTitle "FM"]
[BlackTitle "IM"]
[WhiteElo "1934"]
[BlackElo "2469"]
[WhiteFideId "21500045"]
[BlackFideId "4195540"]
[EventDate "2019.12.29"]

1. c4 Nf6 2. g3 c6 3. Bg2 d5 4. cxd5 cxd5 5. d4 g6 6. Nf3 Bg7 7. O-O O-O 8. Nc3
Nc6 9. Ne5 e6 10. f4 Nd7 11. e3 f6 12. Nd3 b6 13. Nxd5 Bb7 14. Nc3 Kh8 15. b3
Rc8 16. Bb2 Qe7 17. a4 Rfd8 18. Ba3 Qf7 19. Ne4 Bf8 20. Bb2 Rc7 21. g4 Kg8 22.
g5 f5 23. Nd2 Ne7 24. Qe2 Bxg2 25. Qxg2 Nd5 26. Qe2 Rc2 27. Rac1 Rdc8 28. Rxc2
Rxc2 29. Rc1 Rxc1+ 30. Nxc1 Qe7 31. Nd3 Nb8 32. Nc4 Nc6 33. Kf2 Bg7 34. Ba3 Qd8
35. Qc2 Nde7 36. Bb2 Qd5 37. Nd2 h6 38. h4 hxg5 39. hxg5 Kf7 40. Nf3 Qd8 41. Qc4
Qh8 42. Ba3 Qh1 43. Bxe7 Nxe7 44. Nde5+ Bxe5 45. Nxe5+ Kg7 46. Qc7 Qh2+ 47. Kf3
Qh1+ 48. Ke2 Qg2+ 49. Kd3 Qf1+ 50. Kd2 Qf2+ 51. Kd1 Qf1+ 52. Kc2 Qe2+ 53. Kb1
Qe1+ 54. Ka2 Qb4 1-0

[Event "Mondiale Lampo FIDE 2019"]
[Site "Mosca"]
[Date "29.12.2019"]
[Round "12.102"]
[White "Al Ghamdi, Ahmed M"]
[Black "Al Mutairi, Hassan S"]
[Result "1/2-1/2"]
[WhiteTitle "CM"]
[BlackTitle "CM"]
[WhiteElo "2107"]
[BlackElo "1883"]
[WhiteFideId "21500150"]
[BlackFideId "21500193"]
[EventDate "2019.12.29"]

1. e4 d5 2. exd5 Nf6 3. d4 Nxd5 4. Nf3 c6 5. Nc3 Bg4 6. Be2 g6 7. O-O Bg7 8. h3
Bxf3 9. Bxf3 O-O 10. Nxd5 cxd5 11. Re1 Nc6 12. c3 e6 13. Bf4 Qb6 14. Qd2 Na5 15.
Be2 Rac8 16. Bd3 Nc4 17. Bxc4 Rxc4 18. h4 a5 19. h5 a4 20. a3 Qd8 21. h6 Bf6 22.
g3 b5 23. Re2 Qe7 24. Rae1 Rfc8 25. Qe3 Qd7 26. Be5 Qe7 27. Qf4 Bg5 28. Qf3 R4c6
29. Qg4 f5 30. Qf3 Bxh6 31. Bf4 Bxf4 32. Qxf4 Kg7 1/2-1/2

[Event "Mondiale Lampo FIDE 2019"]
[Site "Mosca"]
[Date "29.12.2019"]
[Round "12.103"]
[White "Zarubitski, Viachaslau"]
[Black "Masrahi, Abdulrahman A"]
[Result "1-0"]
[WhiteTitle "IM"]
[BlackTitle "CM"]
[WhiteElo "2451"]
[BlackElo "1956"]
[WhiteFideId "13509373"]
[BlackFideId "21501564"]
[EventDate "2019.12.29"]

1. a3 d5 2. d4 Nf6 3. Nf3 Bf5 4. Bf4 e6 5. e3 c5 6. dxc5 Bxc5 7. b4 Be7 8. c4
O-O 9. Nbd2 Nc6 10. Be2 Nh5 11. Bg3 Nxg3 12. hxg3 Bf6 13. cxd5 exd5 14. Rc1 d4
15. e4 Bg4 16. Nxd4 Bxe2 17. Nxe2 Bb2 18. Rc5 Bxa3 19. Rch5 h6 20. b5 Nd4 21.
O-O Ne6 22. Rd5 Qc7 23. Qb3 Be7 24. Rc1 Qb6 25. Nc4 Qd8 26. Rxd8 1-0

[Event "Mondiale Lampo FIDE 2019"]
[Site "Mosca"]
[Date "30.12.2019"]
[Round "13.1"]
[White "Matlakov, Maxim"]
[Black "Carlsen, Magnus"]
[Result "0-1"]
[WhiteTitle "GM"]
[BlackTitle "GM"]
[WhiteElo "2699"]
[BlackElo "2872"]
[WhiteFideId "4168003"]
[BlackFideId "1503014"]
[EventDate "2019.12.29"]

1. d4 Nf6 2. c4 e6 3. Nf3 d5 4. Nc3 c6 5. Bg5 Nbd7 6. e3 Qa5 7. Nd2 Bb4 8. Rc1
Ne4 9. Ndxe4 dxe4 10. Bh4 Qxa2 11. Qc2 Qa5 12. Qxe4 Qf5 13. Qxf5 exf5 14. Bd3
Nb6 15. O-O Be6 16. d5 Bxc3 17. dxe6 Bxb2 18. Rb1 Ba3 19. Bxf5 g6 20. Bh3 fxe6
21. Bxe6 Be7 22. Bg3 Na4 23. Be5 Rf8 24. Bg7 Nc5 25. Bxf8 Bxf8 26. Bg4 a5 27. f4
a4 28. f5 a3 29. Ra1 Ne4 30. fxg6 hxg6 31. Be6 Bg7 32. Ra2 Nc3 33. Rc2 a2 34.
Ra1 Ke7 35. Bg4 Ne2+ 36. Bxe2 Bxa1 0-1

[Event "Mondiale Lampo FIDE 2019"]
[Site "Mosca"]
[Date "30.12.2019"]
[Round "13.2"]
[White "Nepomniachtchi, Ian"]
[Black "Dubov, Daniil"]
[Result "1/2-1/2"]
[WhiteTitle "GM"]
[BlackTitle "GM"]
[WhiteElo "2767"]
[BlackElo "2690"]
[WhiteFideId "4168119"]
[BlackFideId "24126055"]
[EventDate "2019.12.29"]

1. e4 c5 2. Nf3 Nc6 3. d4 cxd4 4. Nxd4 Nf6 5. Nc3 e5 6. Ndb5 d6 7. Nd5 Nxd5 8.
exd5 Ne7 9. c3 f5 10. c4 a6 11. Qa4 Kf7 12. c5 Nxd5 13. Bc4 Be6 14. Qb3 dxc5 15.
Nc3 Nc7 16. O-O Qc8 17. Rd1 Be7 18. Bxe6+ Nxe6 19. Nd5 Qc6 20. Qh3 g6 21. Be3
Rad8 22. Nxe7 Kxe7 23. Rxd8 Nxd8 24. Bg5+ Kd7 25. Rd1+ Kc8 26. Bxd8 Rxd8 27.
Rxd8+ Kxd8 28. Qxh7 Qd6 29. h4 b5 30. g3 c4 31. a3 e4 32. Kg2 Qc6 33. Kg1 Qe6
34. h5 gxh5 35. Qxh5 Kc7 36. Qh7+ Qd7 37. Qh8 Qe6 38. Qd4 Kb7 39. Qc5 Qd7 40.
Kg2 Qe6 41. Kg1 Qd7 42. Kg2 Qe6 43. Kg1 Qc8 44. Qd5+ Kb6 45. Qd4+ Qc5 46. Qd8+
Kb7 47. Qd7+ Kb6 48. Qd8+ Kb7 49. Qd7+ 1/2-1/2

[Event "Mondiale Lampo FIDE 2019"]
[Site "Mosca"]
[Date "30.12.2019"]
[Round "13.4"]
[White "Duda, Jan-Krzysztof"]
[Black "Quparadze, Giga"]
[Result "1-0"]
[WhiteTitle "GM"]
[BlackTitle "GM"]
[WhiteElo "2758"]
[BlackElo "2462"]
[WhiteFideId "1170546"]
[BlackFideId "13602250"]
[EventDate "2019.12.29"]

1. Nf3 Nf6 2. g3 e6 3. Bg2 d5 4. O-O g6 5. c4 Bg7 6. d4 O-O 7. Nc3 c6 8. b3 b6
9. Bb2 Bb7 10. Rc1 Nbd7 11. Qd3 c5 12. cxd5 Nxd5 13. Nxd5 Bxd5 14. Rfd1 Rc8 15.
Ba3 Re8 16. dxc5 Nxc5 17. Bxc5 bxc5 18. Nd2 Qa5 19. Qc2 Red8 20. Bxd5 exd5 21.
e4 Bd4 22. exd5 Rxd5 23. Nc4 Qd8 24. Re1 Qf6 25. Re4 Rf5 26. Rf1 h5 27. Qe2 Kg7
28. Kg2 Rd8 29. h3 Rd7 30. Re8 Qc6+ 31. Qe4 Qf6 32. f4 Bc3 33. Ne3 Rd2+ 34. Kf3
Qa6 35. Rf2 Rxf2+ 36. Kxf2 Bd4 37. Qa8 Kh7 38. Kf3 Qd3 39. Qe4 Qc3 40. Qc2 Qxc2
41. Nxc2 Rd5 42. Re7 Kg7 43. Rxa7 Bc3 44. Ne3 Rd2 45. g4 Bd4 46. Nc4 Rd3+ 47.
Kg2 h4 48. Nd6 Rg3+ 49. Kh2 Bg1+ 50. Kh1 Bd4 51. Rxf7+ Kg8 52. Rd7 Rxh3+ 53. Kg2
Rg3+ 54. Kh2 Rxg4 55. a4 Rxf4 56. Kh3 Bf6 57. a5 Rf3+ 58. Kg2 Rg3+ 59. Kh2 Be5
60. Nc4 Bf4 61. Kh1 Rh3+ 62. Kg2 Rg3+ 63. Kf2 h3 64. a6 Rg2+ 65. Kf3 Ra2 66.
Kxf4 h2 67. Rd1 Rxa6 68. Kg3 Rf6 69. Kxh2 Rf3 70. Na5 Kg7 71. Rd5 Rc3 72. Kg2
Kf6 73. Kf2 g5 74. Ke2 g4 75. Kd2 Rf3 76. Rxc5 g3 77. Ke2 g2 78. Rc1 Rf5 79. Nc4
Rb5 80. Nd2 Rg5 81. Kf2 Rd5 82. Rc2 Rg5 83. Ne4+ 1-0

[Event "Mondiale Lampo FIDE 2019"]
[Site "Mosca"]
[Date "30.12.2019"]
[Round "13.5"]
[White "Artemiev, Vladislav"]
[Black "Mamedyarov, Shakhriyar"]
[Result "1-0"]
[WhiteTitle "GM"]
[BlackTitle "GM"]
[WhiteElo "2731"]
[BlackElo "2772"]
[WhiteFideId "24101605"]
[BlackFideId "13401319"]
[EventDate "2019.12.29"]

1. Nf3 d5 2. b3 Nf6 3. Bb2 g6 4. c4 dxc4 5. bxc4 Bg7 6. g3 b6 7. Bg2 Bb7 8. O-O
c5 9. Qa4+ Qd7 10. Qxd7+ Nbxd7 11. d3 O-O 12. Nbd2 Ne8 13. Rfb1 Nc7 14. Ng5 Bxg2
15. Kxg2 Rfd8 16. Nge4 f5 17. Bxg7 fxe4 18. Bh6 exd3 19. exd3 Nf6 20. Re1 Rxd3
21. Rxe7 Rd7 22. Rxd7 Nxd7 23. Rd1 Nf6 24. Nf3 Re8 25. a4 Ne6 26. Rd6 Ng4 27.
Bd2 Kf7 28. Bc3 Ke7 29. Rd2 Rd8 30. Re2 Rd6 31. h3 Nf6 32. Ng5 Rc6 33. f4 h6 34.
Nf3 Rc8 35. Ne5 Rg8 36. Nxg6+ Kf7 37. Ne5+ Ke7 38. Kf3 Nh5 39. Ng4 Kd7 40. Re5
Neg7 41. Nxh6 Rf8 42. Rg5 1-0

[Event "Mondiale Lampo FIDE 2019"]
[Site "Mosca"]
[Date "30.12.2019"]
[Round "13.6"]
[White "Vidit, Santosh Gujrathi"]
[Black "Giri, Anish"]
[Result "0-1"]
[WhiteTitle "GM"]
[BlackTitle "GM"]
[WhiteElo "2721"]
[BlackElo "2769"]
[WhiteFideId "5029465"]
[BlackFideId "24116068"]
[EventDate "2019.12.29"]

1. Nf3 Nf6 2. c4 c5 3. Nc3 d5 4. cxd5 Nxd5 5. e3 e6 6. d4 cxd4 7. exd4 Nxc3 8.
bxc3 Qc7 9. Bd2 Nd7 10. Bd3 Bd6 11. O-O b6 12. Re1 O-O 13. h4 Bb7 14. Ng5 Nf6
15. Qe2 Bh2+ 16. Kf1 Bf4 17. Kg1 h6 18. Nh3 Bh2+ 19. Kh1 Bd6 20. c4 Rfe8 21.
Rac1 e5 22. d5 e4 23. Bb1 Bc8 24. Bc3 Be5 25. Bd2 Bf5 26. Rg1 Bh2 27. g4 Bxg1
28. Rxg1 Bg6 29. Be3 Rac8 30. h5 Bh7 31. g5 hxg5 32. Bxg5 Kh8 33. h6 Qe5 34.
hxg7+ Kg8 35. Qe3 Rxc4 36. Nf4 Rc3 37. Qe1 Rf3 38. Qc1 Qf5 39. Rg2 Nxd5 40. Nh5
Rh3+ 41. Rh2 Qf3+ 42. Kg1 Rxh2 43. Kxh2 Qxh5+ 44. Kg1 Qg4+ 0-1

[Event "Mondiale Lampo FIDE 2019"]
[Site "Mosca"]
[Date "30.12.2019"]
[Round "13.7"]
[White "Andreikin, Dmitry"]
[Black "Sargissian, Gabriel"]
[Result "1-0"]
[WhiteTitle "GM"]
[BlackTitle "GM"]
[WhiteElo "2724"]
[BlackElo "2689"]
[WhiteFideId "4158814"]
[BlackFideId "13300881"]
[EventDate "2019.12.29"]

1. Nf3 d5 2. d4 Nf6 3. c4 e6 4. Nc3 Be7 5. e3 O-O 6. a3 Nbd7 7. b4 a5 8. b5 c5
9. bxc6 bxc6 10. c5 Qc7 11. Be2 Ba6 12. Bxa6 Rxa6 13. O-O e5 14. Rb1 Raa8 15. h3
Rab8 16. Bd2 Rxb1 17. Qxb1 Rb8 18. Qc2 e4 19. Nh2 Qc8 20. Rb1 Rxb1+ 21. Nxb1 Bd8
22. Nf1 Qa6 23. Be1 Ne8 24. Ng3 g6 25. Nd2 Nc7 26. a4 Ne6 27. Nb3 f5 28. Ne2 g5
29. Ng3 Ng7 30. Qe2 Qa8 31. Qd2 Qa6 32. Nxa5 f4 33. Nf1 Nf5 34. Qb4 Bxa5 35.
Qxa5 Qxa5 36. Bxa5 Nb8 37. Bd2 Na6 38. g4 Nh4 39. Nh2 f3 40. Nf1 Ng6 41. Ng3 Ne7
42. Kf1 Kf7 43. Ke1 Ke6 44. Ba5 h6 45. Bd8 Ng8 46. Nf5 Kd7 47. Ba5 Ke6 48. Kf1
Kd7 49. Kg1 Ke6 50. Kh2 Kf7 51. Kg3 Kg6 52. h4 Nf6 53. Bd8 Ng8 54. hxg5 hxg5 55.
Kh3 Nb4 56. Kg3 Na6 57. Ba5 Kf6 58. Kh3 Kg6 59. Bd8 Nb4 60. Kh2 Na6 61. Nd6 Nh6
62. Kg3 Ng8 63. Nc8 Nh6 64. Na7 Nb4 65. Ba5 Na6 66. Nxc6 Kf7 67. Ne5+ Ke6 68.
Bd8 1-0

[Event "Mondiale Lampo FIDE 2019"]
[Site "Mosca"]
[Date "30.12.2019"]
[Round "13.8"]
[White "Safarli, Eltaj"]
[Black "Vachier-Lagrave, Maxime"]
[Result "0-1"]
[WhiteTitle "GM"]
[BlackTitle "GM"]
[WhiteElo "2601"]
[BlackElo "2780"]
[WhiteFideId "13402129"]
[BlackFideId "623539"]
[EventDate "2019.12.29"]

1. e4 c5 2. Nc3 d6 3. Bb5+ Bd7 4. Bxd7+ Qxd7 5. d4 cxd4 6. Qxd4 Nc6 7. Qd3 g6 8.
Nf3 Bg7 9. Bg5 Nf6 10. Rd1 Qe6 11. O-O O-O 12. a3 Rac8 13. Rfe1 Nd7 14. Qd2 Bxc3
15. bxc3 Nde5 16. Nd4 Qd7 17. Qe2 Nxd4 18. cxd4 Nc4 19. Rd3 f6 20. Bh6 Rfe8 21.
h4 d5 22. h5 dxe4 23. Qxe4 Nd6 24. Qd5+ e6 25. Qf3 Nf5 26. Be3 Rxc2 27. g4 Nxe3
28. Rdxe3 Qxd4 29. hxg6 hxg6 30. Rxe6 Rxe6 31. Rxe6 Rc3 32. Qe2 Rg3+ 33. Kh2
Rxg4 34. Re8+ Kg7 35. Qe7+ Kh6 36. Qf8+ Kg5 37. Re3 Qf4+ 38. Kh1 Qxf2 39. Re5+
f5 40. Qd8+ Kf4 0-1